All Beast Handler Upgrades - Bloons TD 6 - Statistics

General Stats
  • This quiz has been taken 8 times
  • The average score is 13 of 15
Answer Stats
Upgrade % Correct
Giganotosaurus
100%
Great White
100%
Megalodon
100%
Piranha
100%
Pouākai
100%
Tyrannosaurus Rex
100%
Velociraptor
100%
Adasaurus
75%
Barracuda
75%
Giant Condor
75%
Golden Eagle
75%
Horned Owl
75%
Microraptor
75%
Orca
75%
Gyrfalcon
50%
No matching quizzes found
Score Distribution
Percent of People with Each Score
Percentile by Number Answered
Your Score History
You have not taken this quiz